000 00418nam a22001817a 4500
005 20180703163955.0
008 160621b xxu||||| |||| 00| 0 eng d
020 _a978-0-07-065665-9
041 _aeng
082 _b8662
_a658.15
100 _aChandra, Prasanna
_91156
245 _aFinancial Management
250 _a7th ed
260 _bTMH
_c2008
300 _a1080p,
650 _aManagement
_9241
942 _cBK
999 _c3345
_d3344